000 00348nam a2200169Ia 4500
005 20251020182548.0
008 200515s9999 xx 000 0 und d
082 _a860-1(85)C46
100 _aMORO, César
245 0 _aObra poética
260 _aLima
260 _c1980
300 _a275
650 _aLIB
650 _aPOESIA
942 _cLIB
999 _c2632
_d2632